Представление документа в формате MARC21

Поле Инд. ПП Название Значение
Тип записи a
Библиографический уровень b
001 Контрольный номер RU/IS/BASE/234714981
005 Дата корректировки 20200630193300.5
040 b Код языка каталог. rus
e Правила каталог. PSBO
041 0_ a Код языка текста rus
084 a Индекс другой классификации/Индекс ББК 81.052в
100 1_ a Автор Драгой О. В.
245 10 a Заглавие Влияние категории одушевленности на разрешение синтаксической неоднозначности
504 a Библиография Библиогр.: с. 48
520 0_ a Аннотация В статье рассматриваются предложения с определительным придаточным, которое модифицирует одно их трех существительных, входящих в состав сложной именной группы. Вторая часть статьи посвящена гипотезе лингвистического тюнинга, которая претендует на объяснение межъязыковых различий в понимании таких предложений. В третьей части статьи приведен краткий обзор исследований категории одушевленности как одного из факторов, влияющих на интерпретацию неоднозначных предложений
650 04 a Основная рубрика грамматика
a Основная рубрика общее языкознание
a Основная рубрика филологические науки
a Основная рубрика языкознание
653 0_ a Ключевые слова гипотеза лингвистического тюнинга
a Ключевые слова лингвистический анализ
a Ключевые слова методика лингвистического анализа
a Ключевые слова одушевленность
a Ключевые слова придаточное определительное
a Ключевые слова придаточные предложения
a Ключевые слова синтаксис
a Ключевые слова синтаксическая неоднозначность
a Ключевые слова сложная именная группа
773 0_ t Заглавие источника Вестник Московского университета. Серия 9, Филология
d Дата издания источника 2007
g Прочая информация № 1. - С. 35 - 48 : граф., табл., диагр.
w Контрольный № источника RU/IS/BASE/229700507
901 t Тип документа b